| 000 | 00528nam a22001817a 4500 | ||
|---|---|---|---|
| 999 |
_c190774 _d190774 |
||
| 005 | 20220804151027.0 | ||
| 010 | _aENG-134264 | ||
| 020 |
_a9789351659495 _c150.00 |
||
| 035 | _aEN-117796 | ||
| 037 | _bDBAD/PUB | ||
| 082 | _aN | ||
| 100 | _aRahurikar, Vinita | ||
| 245 |
_aTwo Loves of My Life/ _cVinita Rahurikar |
||
| 260 |
_aNew Delhi _bDiamond Pocket Books (P) Ltd. _c2016 |
||
| 270 |
_aX-30, Okhla Industrial Area, Phase-II _bNew Delhi _e110020 _msales@dpb.in |
||
| 300 |
_a192p. _c22cm(pbk) |
||
| 942 |
_2ddc _cEN _hN _mRAH |
||